Variantné pohľady na odhad ceny dodatočnej informácie

Problém odhadu ceny dodatočnej informácie (EVSI), ktorej znalosť je potrebná pre rozhodnutie o vynaložení nákladov na dodatočné šetrenie, resp. ich zamietnutie. Vychádza sa z predpokladu, že je známy tzv. spresnený vektor rizika, ktorý sa používa na odhad ceny dodatočnej informácie.

Uložené v:
Podrobná bibliografia
Hlavný autor: Bednár, Peter
Médium: Kapitola
Jazyk:Slovak
Predmet:
Tagy: Pridať tag
Žiadne tagy, Buďte prvý, kto otaguje tento záznam!

MARC

LEADER 00000nla a2200000 4500
001 0200799
005 20240502083510.7
041 0 |a slo 
044 |a CZ 
245 1 0 |a Variantné pohľady na odhad ceny dodatočnej informácie  |c Peter Bednár 
520 |a Problém odhadu ceny dodatočnej informácie (EVSI), ktorej znalosť je potrebná pre rozhodnutie o vynaložení nákladov na dodatočné šetrenie, resp. ich zamietnutie. Vychádza sa z predpokladu, že je známy tzv. spresnený vektor rizika, ktorý sa používa na odhad ceny dodatočnej informácie. 
610 2 0 |a odhady 
610 2 0 |a ceny 
610 2 0 |a informácie 
610 2 0 |a náklady 
610 2 0 |a teória rozhodovania 
610 2 0 |a rozhodovanie za rizika 
100 1 |a Bednár, Peter